| 000 | 01056nam a2200205Ia 4500 | ||
|---|---|---|---|
| 999 |
_c47150 _d47150 |
||
| 001 | 14008 | ||
| 003 | GE_BSU | ||
| 005 | 20191024152013.0 | ||
| 008 | 181216s1969||||ge |||||||||||||| ||geo|| | ||
| 040 | _cGE_BSU | ||
| 041 | _ageo | ||
| 080 | _a821.353.1-1 ბ-25 | ||
| 100 |
_aბარათაშვილი, მამუკა _94995 |
||
| 245 |
_aთხზულებათა სრული კრებული : _bლექსები / _cმამუკა ბარათაშვილი ; რედ. ალ. ბარამიძე ; გამოსაც. მოამზადა, კომენტარები და საძიებელი დაურთო გივი მიქაძემ. |
||
| 264 |
_aთბილისი : _bმეცნიერება ; _c1969. |
||
| 300 |
_a170 გვ. : _bნახატი ; _c21 სმ. |
||
| 653 | _aთხზულებათა სრული კრებული | ||
| 700 |
_aბარამიძე, ალ. _eრედაქტორი _94433 |
||
| 942 |
_cBK _2udc |
||